=LDR 00000nam 2200000 4500 =001 INLIS000000000008517 =005 20130612100355 =008 ***********************************Ind** =035 ##$$0010-061300000008517 =041 ##$$a Ind =082 ##$$a 372.6 =090 ##$$a 372.6, Ter t =100 ##$$a Darisma, Muhammad =245 ##$$a Terampil Brerkomuniklasi Bhs Ind, Muh.Darisma =260 ##$$a 2001 $b Jakarta =300 ##$$a v, 97 hlm, 28 cm =650 ##$$a Bahasa Indonesia